[Event "Attica-ch U16 11"]
[Site "Athens"]
[Date "2010.12.26"]
[Round "2.4"]
[White "Arnaoutoglou, Vyron"]
[Black "Papasimakopoulos, Alexandros"]
[Result "1-0"]
[WhiteElo "1728"]
[BlackElo "1898"]
[PlyCount "76"]
[EventDate "2010.12.23"]
[EventType "swiss"]
[EventRounds "7"]
[EventCountry "GRE"]
[SourceTitle "EXT 2024"]
[Source "ChessBase"]
[SourceDate "2023.10.10"]
[SourceVersion "1"]
[SourceVersionDate "2023.10.10"]
[SourceQuality "1"]

1. d4 Nf6 2. c4 e6 3. Nc3 Bb4 4. Nf3 b6 5. e3 Bb7 6. Bd3 Ne4 7. Qc2 f5 8. 0-0 Bxc3 9. bxc3 0-0 10. Nd2 Qh4 11. g3 Ng5 12. f3 Qh5 13. Qd1 Rf6 14. Qe2 Nh3+ 15. Kh1 g5 16. e4 g4 17. fxg4 Qf7 18. gxf5 exf5 19. d5 d6 20. exf5 h5 21. Kg2 Ng5 22. h4 Nh7 23. Ne4 Nd7 24. Nxf6+ Nhxf6 25. Qe6 Ne5 26. Be2 b5 27. Bg5 bxc4 28. Qxf7+ Kxf7 29. Bxf6 Kxf6 30. Rad1 Nd3 31. Bf3 Rg8 32. Kh2 Ke5 33. Bxh5 Bxd5 34. Bg6 Kf6 35. g4 Rb8 36. Rd2 Bg8 37. g5+ Kg7 38. h5 Ne5 1-0

[Event "Attica-ch U16 11"]
[Site "Athens"]
[Date "2010.12.26"]
[Round "3.5"]
[White "Stamos, Filippos"]
[Black "Arnaoutoglou, Vyron"]
[Result "1-0"]
[WhiteElo "1859"]
[BlackElo "1728"]
[PlyCount "64"]
[EventDate "2010.12.23"]
[EventType "swiss"]
[EventRounds "7"]
[EventCountry "GRE"]
[SourceTitle "EXT 2024"]
[Source "ChessBase"]
[SourceDate "2023.10.10"]
[SourceVersion "1"]
[SourceVersionDate "2023.10.10"]
[SourceQuality "1"]

1. Nf3 Nf6 2. c4 e6 3. Nc3 d5 4. d4 Be7 5. Bg5 0-0 6. cxd5 exd5 7. Qc2 Nc6 8. e3 g6 9. a3 Re8 10. Bd3 Be6 11. 0-0 a6 12. b4 Na7 13. Na4 Ne4 14. Bxe7 Rxe7 15. Rfc1 f5 16. Ne5 c6 17. f3 Ng5 18. Nc5 Nc8 19. Bxa6 bxa6 20. Nxc6 Qe8 21. Nxe7+ Qxe7 22. Qd3 Qd6 23. e4 dxe4 24. fxe4 Ne7 25. e5 Qd5 26. Nxa6 Rxa6 27. Qxa6 Qxd4+ 28. Kh1 Kf7 29. Qd6 Bd5 30. Qf6+ Kg8 31. Qxg5 Qf2 32. Rd1 Bc6 1-0

[Event "Paleochora op 3rd"]
[Site "Paleochora"]
[Date "2010.07.22"]
[Round "1"]
[White "Banikas, Hristos"]
[Black "Arnaoutoglou, Vyron"]
[Result "1-0"]
[WhiteElo "2591"]
[BlackElo "1717"]
[PlyCount "115"]
[EventDate "2010.07.22"]
[EventType "swiss"]
[EventRounds "9"]
[EventCountry "GRE"]
[SourceTitle "CBM 137 Extra"]
[Source "ChessBase"]
[SourceDate "2010.09.01"]
[SourceVersion "1"]
[SourceVersionDate "2010.09.01"]
[SourceQuality "1"]

1. c4 Nf6 2. Nc3 e5 3. Nf3 Nc6 4. e3 d5 5. cxd5 Nxd5 6. Bb5 f6 7. d4 exd4 8. Nxd4 Nxc3 9. bxc3 Bd7 10. Qb3 Na5 11. Qc2 Bxb5 12. Nxb5 a6 13. Nd4 Bd6 14. 0-0 Qd7 15. Qe4+ Qe7 16. Qg4 g6 17. e4 Qd7 18. Qf3 0-0 19. Rd1 Nc6 20. Rb1 Ne5 21. Qe2 b5 22. a4 c6 23. Bh6 Rfe8 24. h3 Nf7 25. Qa2 c5 26. Nf3 c4 27. Be3 Qc6 28. axb5 axb5 29. Qc2 Be5 30. Rd5 Nd6 31. Nxe5 Rxe5 32. Rxe5 fxe5 33. f3 Nb7 34. Qb2 Ra5 35. Qb4 Kf7 36. Kh2 Qd6 37. Qxd6 Nxd6 38. Bb6 Ra2 39. Bc5 Ke6 40. Rd1 Nb7 41. Bb4 Ra6 42. Rd5 Nd6 43. Rc5 Rb6 44. Rc7 h6 45. Kg3 Kf6 46. h4 h5 47. Kf2 Ne8 48. Rd7 Rc6 49. Rb7 Nd6 50. Rb8 Ke6 51. g3 Kf6 52. Ke3 Ke6 53. f4 exf4+ 54. gxf4 Ra6 55. Rd8 Ke7 56. Rxd6 Rxd6 57. e5 Ke6 58. exd6 1-0

[Event "Nikaia op 17th"]
[Site "Nikaia"]
[Date "2009.08.22"]
[Round "1"]
[White "Arnaoutoglou, Vyron"]
[Black "Botsari, Anna Maria"]
[Result "0-1"]
[WhiteElo "1714"]
[BlackElo "2298"]
[PlyCount "110"]
[EventDate "2009.08.22"]
[EventType "swiss"]
[EventRounds "9"]
[EventCountry "GRE"]
[SourceTitle "CBM 132 Extra"]
[Source "ChessBase"]
[SourceDate "2009.11.03"]
[SourceVersion "1"]
[SourceVersionDate "2009.11.03"]
[SourceQuality "1"]

1. c4 e5 2. Nc3 Nf6 3. g3 d5 4. cxd5 Nxd5 5. Bg2 Nb6 6. Nf3 Nc6 7. e4 Be7 8. 0-0 0-0 9. d3 Bg4 10. h3 Be6 11. Be3 Qd7 12. Kh2 Rad8 13. Ne1 Nb4 14. Qh5 f6 15. f4 exf4 16. gxf4 c5 17. Bf3 Bf7 18. Qg4 Qxg4 19. hxg4 Nxd3 20. Be2 Nxb2 21. Rb1 N2c4 22. Rf3 Nd2 23. Bxd2 Rxd2 24. Rd1 Rfd8 25. Rd3 Rxd1 26. Bxd1 Rxd3 27. Nxd3 c4 28. Nc1 Bd6 29. N1e2 a6 30. Kg2 Nd7 31. a4 Nc5 32. Kf3 Nd3 33. Ke3 Bc5+ 34. Kf3 Be8 35. Nd5 Nb2 36. Nc7 Bxa4 37. Bxa4 Nxa4 38. e5 fxe5 39. fxe5 Kf7 40. Ke4 Bb6 41. Nd5 Bf2 42. Nc7 Bb6 43. Na8 Ba7 44. Nc7 Bb8 45. Nd5 Nc5+ 46. Kf5 g6+ 47. Kg5 Bxe5 48. Kh6 Bg7+ 49. Kg5 Ne6+ 50. Kh4 Be5 51. g5 Nd4 52. Nec3 Nc6 53. Ne4 b5 54. Ndf6 Bxf6 55. gxf6 b4 0-1